El uso alternativo del derecho : (Registro nro. 28173)
[ vista simple ]
| 000 -LEADER | |
|---|---|
| fixed length control field | 01722nam a2200241Ia 4500 |
| 003 - CONTROL NUMBER IDENTIFIER | |
| control field | CO-CtgCURN |
| 005 - DATE AND TIME OF LATEST TRANSACTION | |
| control field | 20250407233635.0 |
| 008 - FIXED-LENGTH DATA ELEMENTS--GENERAL INFORMATION | |
| fixed length control field | 190722s9999 xx 000 0 und d |
| 020 ## - INTERNATIONAL STANDARD BOOK NUMBER | |
| International Standard Book Number | 9587010507 |
| 040 ## - CATALOGING SOURCE | |
| Original cataloging agency | CO-CtgCURN |
| Language of cataloging | spa |
| Transcribing agency | coctgcurn |
| 082 ## - DEWEY DECIMAL CLASSIFICATION NUMBER | |
| Classification number | 340.11 |
| Item number | S729 |
| 100 ## - MAIN ENTRY--PERSONAL NAME | |
| Personal name | Souza, Maria de Lourdes |
| Relator term | autora |
| 9 (RLIN) | 6942 |
| 245 #0 - TITLE STATEMENT | |
| Title | El uso alternativo del derecho : |
| Remainder of title | génesis y evolución en Italia, España y Brasil / |
| Statement of responsibility, etc. | Maria de Lourdes Souza |
| 260 ## - PUBLICATION, DISTRIBUTION, ETC. | |
| Place of publication, distribution, etc. | Bogotá, Colombia : |
| Name of publisher, distributor, etc. | Unibiblos, |
| Date of publication, distribution, etc. | 2001 |
| 300 ## - PHYSICAL DESCRIPTION | |
| Extent | 355 páginas ; |
| Dimensions | 21 centímetros. |
| 505 ## - FORMATTED CONTENTS NOTE | |
| Formatted contents note | Pt.1. Génesis, desarrollo y evolución del uso alternativo del derecho en los contextos italiano y español - Cap.1. Primeros atisbos del movimiento del uso alternativo del derecho: panorama histórico, económico, social y político - Cap.2. Nacimiento, desarrollo y evolución del uso alternativo del derecho en Italia - Cap.3. Génesis y desarrollo del uso alternativo del derecho en España - Cap.4. Del uso alternativo del derecho a la teoría del garantismo: ¿ruptura o evolución? - Pt.2. Génesis, desarrollo y evolución del uso alternativo del derecho en el contexto brasileño -Cap.5. Movimiento del uso alternativo del derecho en Brasil: panorama histórico, económico, social, político y jurídico - Cap.6. El uso alternativo del derecho en Brasil: génesis, desarrollo y evolución - Cap.7. El derecho alternativo como propuesta paradigmática de una nueva cultura jurídica. |
| 521 ## - TARGET AUDIENCE NOTE | |
| Target audience note | AREA PROFESIONAL |
| 590 ## - LOCAL NOTE (RLIN) | |
| Local note | Programa de Derecho_18 |
| 650 ## - SUBJECT ADDED ENTRY--TOPICAL TERM | |
| Topical term or geographic name entry element | Derecho |
| 9 (RLIN) | 6943 |
| 650 ## - SUBJECT ADDED ENTRY--TOPICAL TERM | |
| Topical term or geographic name entry element | Derecho |
| General subdivision | Teorias |
| 9 (RLIN) | 6944 |
| 942 ## - ADDED ENTRY ELEMENTS (KOHA) | |
| Koha item type | Libros |
| Classification part | 340.11 |
| Item part | S729 |
| Source of classification or shelving scheme | Dewey Decimal Classification |
| Suppress in OPAC | No |
| Withdrawn status | Lost status | Damaged status | Not for loan | Collection | Home library | Current library | Shelving location | Date acquired | Inventory number | Total checkouts | Full call number | Barcode | Date last seen | Copy number | Price effective from | Koha item type |
|---|---|---|---|---|---|---|---|---|---|---|---|---|---|---|---|---|
| Miguel Henríquez Castañeda Barranquilla | Miguel Henríquez Castañeda Barranquilla | General | 05/23/2018 | 00818 | 340.11 S729 | 00818 | 07/22/2019 | ej.1 | 07/22/2019 | Libros |